000 00523nam a22001937a 4500
005 20260515114933.0
008 221028b ||||| |||| 00| 0 eng d
020 _a9789324406231
040 _aIN-DiNC
_cIN-DiNC
041 _dasm
082 _a891.4513
_bBHA
100 _aBhattacharyya, Birendra Kumar
_eauthor
245 _aRajpathe ringiyay/
_cby Birendra Kumar Bhattacharyya
250 _a3rded.
260 _aGuwahati:
_bChandra prakash,
_c2016.
300 _a131p.
650 _aAssamese novel
942 _2ddc
_cBK
999 _c11414
_d11414